01012nac a22002891u 4500010001700000020004300017020004000060035002300100035002000123082001500143090001500158100003400173245008200207250001200289260004300301300006400344500002700408504002000435511002600455650003100481650002300512650003300535700001800568942001800586999001500604952010300619 a 2007296473 a9780471771166 (hbk. : acid-free paper) a0471771163 (hbk. : acid-free paper) a(OCoLC)ocm70059748 a(OCoLC)70059748 b004.6aFIT c5817d5817 aFitzGerald, Jerry, 10aBusiness data communications and networking /cJerry FitzGerald, Alan Dennis. a9th ed. aHoboken, NJ :bJohn Wiley,2007cc2007. axii, 580 p. :bill. (some col.), maps (some col.) ;c25 cm. adistributer: AAL-Ahram aIncludes index. acatalogued by: wessam 0aData transmission systems. 0aComputer networks. 0aOffice practicexAutomation.1 aDennis, Alan. cBBk 004.6FIT c5817d5817 00104070aMAINbMAINcLOWd2007-11-06ePurchasel0o004.6FITp000007393r2025-07-15 00:00:00yBB